00947nam a2200241Ia 4500008004100000020001500041040001800056041000800074100003100082245015000113250001200263260004600275300001800321501009600339650002400435650002000459650001500479650001300494650003500507650002900542650002900571765010500600130821s1993 mx gr spa  a9682311691 aCo-BoUCMbspa aspa1 aBarthes, Rolandd1915-198013aEl placer del texto seguido por lección inaugural de la cátedra de semiología lingüística del collège de francecpor Roland Barthes. a7a. ed. aMéxico D.F. (México)bSiglo XXIc1993 a150 páginas aLección inaugural de la cátedra de semiología lingüística del collège de France04aCrítica literaria04aLingüística04aLiteratura04aRetorica04aSemiología (Lingüística)04aSemiótica y literatura04aTeoría lingüística 3aLe plaisir du texte. Legon inaugurale de la chaire de semiologie littéraire du collége de France